[Event "BW 2018 Senioren"]
[Site "Bad Woerishofen"]
[Date "2018.02.25"]
[Round "4.1"]
[White "Rubke, Manfred"]
[Black "Baum, Bernd"]
[Result "1/2-1/2"]
[WhiteElo "2114"]
[BlackElo "2288"]
[Annotator "chessorg"]
[PlyCount "56"]
[EventDate "2018.??.??"]
[WhiteTeam "SAbt TSV Haunstetten"]
[BlackTeam "SC Fulda"]

1. c4 c5 2. f4 g6 3. Nc3 Bg7 4. Nf3 Nc6 5. e4 d6 6. Be2 e6 7. d3 Nge7 8. O-O
O-O 9. Be3 Nd4 10. Bf2 a6 11. Qd2 Rb8 12. Bd1 Nec6 13. Nxd4 Nxd4 14. Ne2 b5 15.
Nxd4 cxd4 16. cxb5 Rxb5 17. g4 Kh8 18. Bf3 f5 19. Rac1 e5 20. exf5 gxf5 21. g5
exf4 22. Qxf4 Be5 23. Bxd4 Qb6 24. Qxe5+ dxe5 25. Bxb6 Rxb6 26. Rc2 Be6 27. b3
Rd6 28. Rc5 Rg8 1/2-1/2

[Event "BW 2018 Senioren"]
[Site "Bad Woerishofen"]
[Date "2018.02.25"]
[Round "4.2"]
[White "Rueberg, Jobst"]
[Black "Okrajek, Alexander"]
[Result "1/2-1/2"]
[WhiteElo "2100"]
[BlackElo "2207"]
[Annotator "chessorg"]
[PlyCount "37"]
[EventDate "2018.??.??"]
[WhiteTeam "SV Ahlen 1954 e.V."]
[BlackTeam "SC 1919 Siegburg e.V."]

1. e4 g6 2. Nf3 Bg7 3. d4 d6 4. h3 Nf6 5. Bd3 O-O 6. O-O c6 7. Bg5 h6 8. Bd2 d5
9. e5 Ne4 10. Be3 f5 11. exf6 exf6 12. Nfd2 f5 13. f4 c5 14. c3 Qb6 15. Bxe4
fxe4 16. dxc5 Qd8 17. Nb3 Nc6 18. Nd4 Qe7 19. Ne2 1/2-1/2

[Event "BW 2018 Senioren"]
[Site "Bad Woerishofen"]
[Date "2018.02.25"]
[Round "4.3"]
[White "Villing, Dieter"]
[Black "Kozlov, Alexander"]
[Result "1-0"]
[WhiteElo "2094"]
[BlackElo "2175"]
[Annotator "chessorg"]
[PlyCount "55"]
[EventDate "2018.??.??"]
[WhiteTeam "SK 1912 Ludwigshafen"]
[BlackTeam "Stuttgarter SF 1879"]

1. e4 d6 2. d4 Nf6 3. Nc3 Nbd7 4. Nf3 e5 5. g4 Nxg4 6. Rg1 exd4 7. Nxd4 Nge5 8.
h3 Nf6 9. f4 Ng6 10. Be3 Bd7 11. Qd3 Qe7 12. O-O-O O-O-O 13. Bg2 a6 14. Rge1
Qe8 15. Bd2 Nh4 16. Bh1 c5 17. e5 dxe5 18. fxe5 Bf5 19. Qg3 cxd4 20. exf6 Be6
21. Qxh4 dxc3 22. Bxc3 Rxd1+ 23. Rxd1 g6 24. Kb1 Qb5 25. Qe4 Bc5 26. a4 Qb6 27.
Ba5 Qc6 28. Qe5 1-0

[Event "Schachfestival 2018 Open"]
[Site "Bad Woerishofen"]
[Date "2018.02.25"]
[Round "4.3"]
[White "Burmakin, Vladimir"]
[Black "Friedrich, Norbert"]
[Result "1-0"]
[WhiteElo "2528"]
[BlackElo "2277"]
[Annotator "chessorg"]
[PlyCount "79"]
[EventDate "2018.??.??"]
[WhiteTeam "SF 90 Spraitbach e.V."]

1. Nf3 Nf6 2. g3 d5 3. c4 c5 4. cxd5 Nxd5 5. Bg2 Nc6 6. Nc3 Nc7 7. Qa4 Bd7 8.
Qe4 Ne6 9. Ne5 Nxe5 10. Qxe5 f6 11. Qd5 Bc6 12. Qh5+ g6 13. Bxc6+ bxc6 14. Qg4
Nd4 15. O-O f5 16. Qh4 c4 17. Rd1 Bg7 18. Qh3 Rb8 19. Qf1 Qa5 20. Rb1 Nc2 21.
b3 O-O 22. e3 cxb3 23. Qc4+ Kh8 24. Rxb3 Nb4 25. d4 Nd5 26. Ra3 Qb4 27. Qxc6
Nxc3 28. Rxc3 Qb1 29. Qe6 Bf6 30. Rf1 Rb6 31. Qc4 Qe4 32. Ba3 Rfb8 33. Qd3 Qd5
34. Rc7 R6b7 35. Rxb7 Rxb7 36. Qc2 Kg7 37. Rc1 Rb6 38. Qc7 Rb7 39. Qc6 Qxc6 40.
Rxc6 1-0

[Event "BW 2018 Senioren"]
[Site "Bad Woerishofen"]
[Date "2018.02.25"]
[Round "4.4"]
[White "Kierzek, Matthias"]
[Black "Riedel, Lutz"]
[Result "1-0"]
[WhiteElo "2259"]
[BlackElo "2040"]
[Annotator "chessorg"]
[PlyCount "57"]
[EventDate "2018.??.??"]
[WhiteTeam "SC Fulda"]
[BlackTeam "SK Krumbach"]

1. d4 d5 2. c4 c6 3. Nf3 f5 4. Bf4 e6 5. Nc3 Nf6 6. e3 Bd6 7. Ne5 O-O 8. Be2
dxc4 9. Bxc4 Nd5 10. Bg3 Qe7 11. O-O g5 12. Qh5 Qg7 13. Rae1 b5 14. Nxd5 exd5
15. Bb3 Be6 16. f4 g4 17. e4 a5 18. exf5 Bf7 19. Nxf7 Rxf7 20. Re8+ Bf8 21. f6
Qxf6 22. Qxg4+ Rg7 23. Qe6+ Qxe6 24. Rxe6 a4 25. Bc2 Kf7 26. f5 c5 27. Rb6 b4
28. Rb7+ Kg8 29. Rxb8 1-0

[Event "Schachfestival 2018 Open"]
[Site "Bad Woerishofen"]
[Date "2018.02.25"]
[Round "4.4"]
[White "De Santis, Alessio"]
[Black "Pavlovic, Milos"]
[Result "0-1"]
[WhiteElo "2223"]
[BlackElo "2466"]
[Annotator "chessorg"]
[PlyCount "80"]
[EventDate "2018.??.??"]

1. b3 e5 2. Bb2 Nc6 3. c4 g6 4. e3 Bg7 5. Nf3 d6 6. d4 e4 7. Nfd2 f5 8. Nc3 Nf6
9. d5 Ne5 10. h3 O-O 11. Qc2 Nfd7 12. Na4 Qh4 13. g3 Qe7 14. O-O-O a6 15. h4
Rb8 16. Bd4 b5 17. Nb2 b4 18. h5 Ng4 19. Nb1 Nc5 20. hxg6 hxg6 21. Rh4 Bd7 22.
Be2 Nxf2 23. Rf1 Qg5 24. Bxg7 Kxg7 25. Rh2 Qxe3+ 26. Qd2 Qxd2+ 27. Kxd2 Ng4 28.
Bxg4 fxg4 29. Rfh1 Rf3 30. Ke2 e3 31. Nd3 Nxd3 32. Rh7+ Kf6 33. Rxd7 Nc5 34.
Rxc7 Ne4 35. Rhh7 Nxg3+ 36. Kd3 e2+ 37. Kd2 Rd3+ 38. Kxd3 e1=Q 39. Rhf7+ Kg5
40. Nd2 Re8 0-1

[Event "Schachfestival 2018 Open"]
[Site "Bad Woerishofen"]
[Date "2018.02.25"]
[Round "4.6"]
[White "Lalic, Bogdan"]
[Black "Rahls, Peter"]
[Result "1-0"]
[WhiteElo "2401"]
[BlackElo "2174"]
[Annotator "chessorg"]
[PlyCount "55"]
[EventDate "2018.??.??"]
[BlackTeam "SK Zehlendorf e.V."]

1. d4 d5 2. c4 c6 3. Nf3 Nf6 4. Nc3 a6 5. e3 b5 6. c5 g6 7. Ne5 Bg7 8. Be2 O-O
9. O-O Nfd7 10. f4 Nxe5 11. fxe5 f6 12. exf6 exf6 13. e4 b4 14. Na4 dxe4 15.
Nb6 Ra7 16. Qb3+ Kh8 17. Qxb4 a5 18. Qa4 Ba6 19. Bxa6 Rxa6 20. Be3 f5 21. Rad1
Ra7 22. Bf4 Re8 23. d5 Qf6 24. Bd6 e3 25. dxc6 e2 26. c7 exf1=Q+ 27. Kxf1 Qe6
28. Qxe8+ 1-0

[Event "BW 2018 Senioren"]
[Site "Bad Woerishofen"]
[Date "2018.02.25"]
[Round "4.6"]
[White "Loew, Peter"]
[Black "Gerl, Hans"]
[Result "1/2-1/2"]
[WhiteElo "2117"]
[BlackElo "2012"]
[Annotator "chessorg"]
[PlyCount "36"]
[EventDate "2018.??.??"]
[WhiteTeam "SC Waldkraiburg"]
[BlackTeam "SK Zirndorf e.V."]

1. e4 c5 2. Nf3 d6 3. Bb5+ Nd7 4. O-O a6 5. Bd3 Ngf6 6. c3 g6 7. Bc2 Bg7 8. d4
O-O 9. a4 b6 10. Re1 Bb7 11. d5 Ng4 12. h3 Nge5 13. Nxe5 Nxe5 14. Nd2 b5 15. f4
Nd7 16. Nf3 Nb6 17. axb5 axb5 18. Rxa8 Qxa8 1/2-1/2

[Event "BW 2018 Senioren"]
[Site "Bad Woerishofen"]
[Date "2018.02.25"]
[Round "4.7"]
[White "Semakoff, Aleks"]
[Black "Kierzek, Mira"]
[Result "1/2-1/2"]
[WhiteElo "2091"]
[BlackElo "1987"]
[Annotator "chessorg"]
[PlyCount "49"]
[EventDate "2018.??.??"]
[WhiteTeam "Oslo Sjakkselskap"]
[BlackTeam "SC Fulda"]

1. e4 e6 2. d4 d5 3. exd5 exd5 4. c4 Nf6 5. Nc3 Bb4 6. Nf3 O-O 7. Bd3 Bg4 8.
O-O dxc4 9. Bxc4 Nc6 10. Be3 a6 11. h3 Bh5 12. a3 Bd6 13. Be2 h6 14. Qd2 Bg6
15. Rad1 Ne4 16. Qc1 Nxc3 17. Qxc3 Qf6 18. Nd2 Ne7 19. Bf3 c6 20. Ne4 Bxe4 21.
Bxe4 Nf5 22. Rfe1 Rad8 23. Qc2 Nxe3 24. Rxe3 Qf4 25. g3 1/2-1/2

[Event "Schachfestival 2018 Open"]
[Site "Bad Woerishofen"]
[Date "2018.02.25"]
[Round "4.7"]
[White "Ivanov, Mikhail"]
[Black "Fischer, Daniel"]
[Result "1-0"]
[WhiteElo "2355"]
[BlackElo "2164"]
[Annotator "chessorg"]
[PlyCount "73"]
[EventDate "2018.??.??"]
[WhiteTeam "SF Bad Mergentheim"]
[BlackTeam "SC Dreilaendereck"]

1. Nf3 d5 2. g3 Nf6 3. Bg2 Bf5 4. d4 e6 5. c4 c6 6. Nc3 h6 7. Qb3 Qb6 8. c5 Qc7
9. Bf4 Qc8 10. Nd2 Be7 11. e4 dxe4 12. Nc4 O-O 13. Bd6 Re8 14. O-O Qd7 15. a4
Na6 16. a5 Bxd6 17. Nxd6 Re7 18. Rfd1 e5 19. dxe5 Nxc5 20. Qa3 Rxe5 21. Nc4 Qe6
22. Nxe5 Qxe5 23. Na4 Nd3 24. Qc3 Qe7 25. h3 Nd5 26. Qd4 N5b4 27. Rd2 c5 28.
Qe3 Re8 29. Nc3 Qe6 30. Kh2 b6 31. axb6 axb6 32. f3 Ne5 33. fxe4 Nc4 34. Qf4
Nxd2 35. exf5 Qd7 36. Rd1 Rd8 37. Ne4 1-0

[Event "Schachfestival 2018 Open"]
[Site "Bad Woerishofen"]
[Date "2018.02.25"]
[Round "4.8"]
[White "Tscharotschkin, Michael"]
[Black "Dittmar, Peter"]
[Result "1/2-1/2"]
[WhiteElo "2124"]
[BlackElo "2298"]
[Annotator "chessorg"]
[PlyCount "44"]
[EventDate "2018.??.??"]
[WhiteTeam "SF 47 Neckartenzlingen"]
[BlackTeam "SC Freibauer Moerlenbach-Birkenau"]

1. e4 c6 2. d4 d5 3. exd5 cxd5 4. Bd3 Nc6 5. c3 Nf6 6. Ne2 Bg4 7. O-O e6 8. Nd2
Bd6 9. f4 O-O 10. Nf3 Bxf3 11. Rxf3 Ne4 12. Bxe4 dxe4 13. Rh3 f5 14. Be3 Qe7
15. d5 exd5 16. Qxd5+ Kh8 17. Nd4 Nxd4 18. Bxd4 Rad8 19. Rg3 Bxf4 20. Rxg7 Be3+
21. Kf1 Rxd5 22. Rxe7+ Bxd4 1/2-1/2

[Event "Schachfestival 2018 Open"]
[Site "Bad Woerishofen"]
[Date "2018.02.25"]
[Round "4.10"]
[White "Grohde, Wolfgang"]
[Black "Karpatchev, Alexandr"]
[Result "0-1"]
[WhiteElo "2073"]
[BlackElo "2494"]
[Annotator "chessorg"]
[PlyCount "52"]
[EventDate "2018.??.??"]
[WhiteTeam "Agon Neumuenster"]
[BlackTeam "SF Bad Mergentheim"]

1. d4 d5 2. Bf4 Nf6 3. e3 c5 4. c3 Nc6 5. Nd2 Bf5 6. Bb5 Qb6 7. Qa4 Bd7 8. Ngf3
e6 9. O-O Be7 10. Rfd1 O-O 11. Bxc6 Bxc6 12. Qc2 Rfc8 13. Ne5 Be8 14. Rac1 Qd8
15. Qb1 b5 16. b4 c4 17. e4 a5 18. a3 axb4 19. axb4 Ra3 20. Qb2 Rca8 21. Ra1
Rxa1 22. Rxa1 Nxe4 23. Nxe4 dxe4 24. Ng4 Rxa1+ 25. Qxa1 h5 26. Ne3 g5 0-1

[Event "BW 2018 Senioren"]
[Site "Bad Woerishofen"]
[Date "2018.02.25"]
[Round "4.12"]
[White "Mueller, Rudolf"]
[Black "Meul, Willi"]
[Result "1-0"]
[WhiteElo "2071"]
[BlackElo "1923"]
[Annotator "chessorg"]
[PlyCount "83"]
[EventDate "2018.??.??"]
[WhiteTeam "Karlsruher SF 1853"]
[BlackTeam "SV 1925 Huerth-Berrenrath"]

1. e4 c5 2. Nf3 d6 3. d4 cxd4 4. Nxd4 Nf6 5. Nc3 a6 6. Bg5 e6 7. Bd3 Be7 8. O-O
Nbd7 9. Nb3 O-O 10. f4 Qc7 11. Qe1 h6 12. Bh4 Nc5 13. Nxc5 dxc5 14. e5 Nd5 15.
Bxe7 Nxe7 16. Qe4 g6 17. Rf3 Bd7 18. Rh3 Kg7 19. Qe1 Bc6 20. Qh4 Ng8 21. g4 Qd8
22. g5 h5 23. Rd1 Qc7 24. Qf2 b6 25. Be2 Ne7 26. Rd6 Nf5 27. Rxc6 Qxc6 28. Bf3
Qc8 29. Bxa8 Qxa8 30. Rd3 Rd8 31. Qg2 Qxg2+ 32. Kxg2 Rxd3 33. cxd3 Kf8 34. Kf2
Ne7 35. Ke3 Ke8 36. d4 Nf5+ 37. Ke4 cxd4 38. Na4 Kd7 39. Nxb6+ Kc6 40. Nc4 Kc5
41. Nd6 d3 42. Nxf5 1-0

[Event "BW 2018 Senioren"]
[Site "Bad Woerishofen"]
[Date "2018.02.25"]
[Round "4.13"]
[White "Lange, Manfred"]
[Black "Leutz, Hans"]
[Result "1/2-1/2"]
[WhiteElo "2061"]
[BlackElo "1957"]
[Annotator "chessorg"]
[PlyCount "48"]
[EventDate "2018.??.??"]
[WhiteTeam "SV Wuerzburg 1865"]
[BlackTeam "SV Ebersbach"]

1. Nf3 d5 2. c4 e6 3. g3 Nf6 4. Bg2 Bd6 5. d4 c6 6. Nc3 O-O 7. O-O Nbd7 8. b3
dxc4 9. bxc4 e5 10. Bg5 exd4 11. Qxd4 Qc7 12. Rad1 Bc5 13. Qh4 Re8 14. Rd3 Bb4
15. Nd4 Qa5 16. Nb3 Qa6 17. Ne4 Nxe4 18. Bxe4 Nf8 19. Nd4 Qxc4 20. Rc1 Qxa2 21.
Nxc6 bxc6 22. Bxc6 Ba6 23. Bxa8 Bxd3 24. Qxb4 Qxe2 1/2-1/2

[Event "BW 2018 Senioren"]
[Site "Bad Woerishofen"]
[Date "2018.02.25"]
[Round "4.14"]
[White "Rahn, Oskar"]
[Black "Dietl, Robert"]
[Result "1-0"]
[WhiteElo "2048"]
[BlackElo "1912"]
[Annotator "chessorg"]
[PlyCount "61"]
[EventDate "2018.??.??"]
[WhiteTeam "SK Frankenthal"]
[BlackTeam "SK Koenigsbrunn"]

1. e4 c5 2. Nf3 Nc6 3. Bb5 g6 4. O-O Bg7 5. c3 Nf6 6. Re1 O-O 7. d4 d5 8. exd5
Qxd5 9. Bxc6 Qxc6 10. Be3 cxd4 11. Bxd4 Bf5 12. Nbd2 Rfd8 13. Qe2 Re8 14. Ne5
Qc7 15. Qf3 Be6 16. Ne4 Nd7 17. Nxd7 Bxd4 18. cxd4 Bxd7 19. Ng5 f6 20. Qb3+ e6
21. Nxe6 Bxe6 22. Rxe6 Rxe6 23. Qxe6+ Qf7 24. Qxf7+ Kxf7 25. Rc1 Rd8 26. Rc7+
Ke6 27. Rxb7 Rxd4 28. g3 a5 29. Rxh7 Rb4 30. b3 a4 31. Rh4 1-0

[Event "Schachfestival 2018 Open"]
[Site "Bad Woerishofen"]
[Date "2018.02.25"]
[Round "4.16"]
[White "Astengo, Corrado"]
[Black "Kugelmann, Werner"]
[Result "1-0"]
[WhiteElo "2160"]
[BlackElo "2061"]
[Annotator "chessorg"]
[PlyCount "69"]
[EventDate "2018.??.??"]
[BlackTeam "TSV Wertingen 1862 SAbt"]

1. e4 e5 2. Nf3 Nc6 3. d4 exd4 4. Bc4 Nf6 5. e5 d5 6. Bb5 Ne4 7. Nxd4 Bd7 8.
Bxc6 bxc6 9. O-O Bc5 10. Be3 O-O 11. f3 Ng5 12. f4 Ne4 13. Nd2 f5 14. Qe2 Bb6
15. N4b3 Qe7 16. a4 a5 17. Nxe4 fxe4 18. Qf2 Rab8 19. Bc5 Qe8 20. Qd4 Qg6 21.
Qc3 Ra8 22. Kh1 Rf5 23. Rae1 Rh5 24. Re3 Qh6 25. h3 Rf5 26. Bxb6 cxb6 27. e6
Be8 28. Nd4 Rxf4 29. Rxf4 Qxf4 30. Nxc6 Qc7 31. Nd4 Qf4 32. Rg3 g6 33. b3 Qd6
34. Nf5 Qf8 35. Qe5 1-0

[Event "BW 2018 Senioren"]
[Site "Bad Woerishofen"]
[Date "2018.02.25"]
[Round "4.17"]
[White "Spurga, Josef"]
[Black "Ganslmayer, Anton"]
[Result "1/2-1/2"]
[WhiteElo "1942"]
[BlackElo "1992"]
[Annotator "chessorg"]
[PlyCount "44"]
[EventDate "2018.??.??"]
[WhiteTeam "VfL Sindelfingen"]
[BlackTeam "Schachclub Wangen"]

1. d4 Nf6 2. c4 c5 3. d5 e6 4. Nc3 exd5 5. cxd5 d6 6. e4 g6 7. Nf3 Bg7 8. h3
O-O 9. Bd3 a6 10. a4 Re8 11. O-O Nfd7 12. Bf4 Ne5 13. Nxe5 Bxe5 14. Bxe5 Rxe5
15. f4 Re8 16. Kh1 Nd7 17. Qf3 Qf6 18. Rae1 Rb8 19. Qg3 Qg7 20. Qf3 b6 21. Qe2
Ra8 22. Qf2 Rb8 1/2-1/2

[Event "Schachfestival 2018 Open"]
[Site "Bad Woerishofen"]
[Date "2018.02.25"]
[Round "4.19"]
[White "Tennstedt, Andreas"]
[Black "Stiefel, Roland"]
[Result "1/2-1/2"]
[WhiteElo "2109"]
[BlackElo "2009"]
[Annotator "chessorg"]
[PlyCount "29"]
[EventDate "2018.??.??"]
[WhiteTeam "SG Roedermark/Eppertshausen"]
[BlackTeam "ZSG Gruen-Weiß Waltershausen"]

1. c4 b6 2. Nc3 Bb7 3. e4 c5 4. Nf3 d6 5. Bd3 e6 6. Qe2 Be7 7. Bc2 Nd7 8. O-O
Ngf6 9. b3 a6 10. d4 cxd4 11. Nxd4 Qc7 12. Bb2 Rc8 13. Rad1 O-O 14. Bb1 Rfe8
15. f4 1/2-1/2

[Event "BW 2018 Senioren"]
[Site "Bad Woerishofen"]
[Date "2018.02.25"]
[Round "4.19"]
[White "Helbig, Dieter"]
[Black "Klein, Klaus"]
[Result "1/2-1/2"]
[WhiteElo "1784"]
[BlackElo "1988"]
[Annotator "chessorg"]
[PlyCount "85"]
[EventDate "2018.??.??"]
[WhiteTeam "SK Weilheim"]
[BlackTeam "Schachfreunde Heidelberg"]

1. c4 c6 2. d4 d5 3. e3 Nf6 4. Nc3 e6 5. Bd3 Nbd7 6. Nf3 Bd6 7. O-O O-O 8. c5
Bc7 9. Bd2 e5 10. dxe5 Nxe5 11. Nxe5 Bxe5 12. f4 Bxc3 13. Bxc3 Qe7 14. Bd4 Ne4
15. Qh5 f5 16. b4 a5 17. a3 axb4 18. axb4 Bd7 19. Rxa8 Rxa8 20. Ra1 Rxa1+ 21.
Bxa1 Nxc5 22. Bxf5 Qxe3+ 23. Kf1 Qxf4+ 24. Ke1 Qxf5 25. Qxf5 Bxf5 26. bxc5 g6
27. Kf2 Kf7 28. Ke3 Ke6 29. Kf4 h5 30. g3 Bd3 31. Ke3 Bf1 32. Kf4 Bh3 33. Bb2
Kd7 34. Be5 Kc8 35. Ke3 Bf5 36. Bd6 Kd7 37. Be5 Kc8 38. Bd6 Kd7 39. Be5 Ke6 40.
Bb2 Bh3 41. Kf4 Bf1 42. Bd4 Ba6 43. Kg5 1/2-1/2

[Event "Schachfestival 2018 Open"]
[Site "Bad Woerishofen"]
[Date "2018.02.25"]
[Round "4.20"]
[White "Monninger, Moritz"]
[Black "Belz, Frank-Martin"]
[Result "1-0"]
[WhiteElo "2105"]
[BlackElo "2003"]
[Annotator "chessorg"]
[PlyCount "33"]
[EventDate "2018.??.??"]
[WhiteTeam "SK 1911 Herzogenaurach e.V."]
[BlackTeam "SK Freising"]

1. e4 c6 2. d3 d5 3. Nd2 e5 4. Ngf3 Bd6 5. d4 f6 6. Bd3 Bg4 7. c3 Nd7 8. O-O
Ne7 9. Qc2 Qc7 10. h3 Bh5 11. c4 Bf7 12. c5 exd4 13. cxd6 Qxd6 14. exd5 c5 15.
Ne4 Qxd5 16. Bc4 Qc6 17. Bb5 1-0

[Event "Schachfestival 2018 Open"]
[Site "Bad Woerishofen"]
[Date "2018.02.25"]
[Round "4.21"]
[White "Heller, Achim"]
[Black "Herold, Gunther"]
[Result "1-0"]
[WhiteElo "2089"]
[BlackElo "1949"]
[Annotator "chessorg"]
[PlyCount "41"]
[EventDate "2018.??.??"]
[WhiteTeam "Ennepe Ruhr Sued"]
[BlackTeam "SC Kaufbeuren"]

1. d4 Nf6 2. c4 e5 3. dxe5 Ng4 4. Nf3 Bc5 5. e3 Nc6 6. Be2 Ngxe5 7. Nxe5 Nxe5
8. O-O O-O 9. Nc3 Re8 10. b3 a5 11. Bb2 Ra6 12. Ne4 Ba7 13. Qd5 Rae6 14. Qxa5
Bb6 15. Qc3 Rh6 16. g3 f6 17. c5 d5 18. cxb6 dxe4 19. Rfd1 Qe7 20. Qxc7 Qe6 21.
Bc4 1-0

[Event "Schachfestival 2018 Open"]
[Site "Bad Woerishofen"]
[Date "2018.02.25"]
[Round "4.22"]
[White "Burchert, Wolfgang"]
[Black "Mainka, Romuald"]
[Result "0-1"]
[WhiteElo "2053"]
[BlackElo "2411"]
[Annotator "chessorg"]
[PlyCount "48"]
[EventDate "2018.??.??"]
[WhiteTeam "SC Hansa Dortmund"]
[BlackTeam "SC Hansa Dortmund e.V."]

1. e4 c5 2. Nf3 e6 3. b3 a6 4. a4 Nc6 5. Bb2 d5 6. exd5 exd5 7. Qe2+ Be6 8. g3
Nh6 9. Bh3 Qe7 10. Bxe6 Qxe6 11. Qxe6+ fxe6 12. O-O Nf5 13. Re1 Kd7 14. Ne5+
Nxe5 15. Bxe5 Bd6 16. Na3 Bxe5 17. Rxe5 Nd4 18. Kg2 b5 19. Rc1 b4 20. Nb1 Rhf8
21. f4 Rf5 22. c3 Nxb3 23. Rce1 Rxe5 24. Rxe5 Kd6 0-1

[Event "Schachfestival 2018 Open"]
[Site "Bad Woerishofen"]
[Date "2018.02.25"]
[Round "4.23"]
[White "Hehn, Hartmut"]
[Black "De Francesco, Klaus"]
[Result "0-1"]
[WhiteElo "2028"]
[BlackElo "2301"]
[Annotator "chessorg"]
[PlyCount "120"]
[EventDate "2018.??.??"]
[WhiteTeam "SV Ebersbach"]
[BlackTeam "SK Weilheim"]

1. d4 Nf6 2. Nc3 d5 3. Bf4 a6 4. e3 Bf5 5. h3 h6 6. g4 Bh7 7. Bd3 Bxd3 8. Qxd3
e6 9. O-O-O Be7 10. f3 Nbd7 11. e4 Nb6 12. Nge2 Qd7 13. Kb1 O-O-O 14. Nc1 Qc6
15. Nb3 Bb4 16. e5 Nfd7 17. Ne2 Nc4 18. Bd2 Be7 19. Na5 Qb5 20. Nxc4 dxc4 21.
Qe4 Nb6 22. Nc3 Qd7 23. Bc1 Bb4 24. Qe3 Bxc3 25. Qxc3 Qb5 26. b3 Rd5 27. Bb2 a5
28. a4 Qc6 29. f4 Rhd8 30. Rhf1 cxb3 31. cxb3 Qxc3 32. Bxc3 Nd7 33. Kc2 Nb8 34.
f5 Nc6 35. fxe6 fxe6 36. Rf7 R5d7 37. Rdf1 b6 38. h4 Rxf7 39. Rxf7 Rd7 40. Rf8+
Kb7 41. Re8 Nxd4+ 42. Bxd4 Rxd4 43. g5 hxg5 44. h5 Kc6 45. Rxe6+ Kd5 46. Rg6
Kxe5 47. Rxg5+ Kf6 48. Rg6+ Kf7 49. Rc6 Rd7 50. Kc3 Kg8 51. Kc4 Kh7 52. b4 axb4
53. Kxb4 Rf7 54. Kb3 Rf5 55. Rxc7 Rxh5 56. Rb7 Rh1 57. Kc4 Ra1 58. Kb5 Rb1+ 59.
Kc4 Kh6 60. Kd5 Rb4 0-1

[Event "BW 2018 Senioren"]
[Site "Bad Woerishofen"]
[Date "2018.02.25"]
[Round "4.24"]
[White "Hansch, Klaus-Michael"]
[Black "Gundersen, Helge"]
[Result "1/2-1/2"]
[WhiteElo "1888"]
[BlackElo "2125"]
[Annotator "chessorg"]
[PlyCount "39"]
[EventDate "2018.??.??"]
[WhiteTeam "SC Weisse Dame e.V."]

1. e4 e6 2. d4 d5 3. exd5 exd5 4. Bd3 Bd6 5. Qf3 Nc6 6. c3 Nce7 7. Bf4 Nf6 8.
Bxd6 Qxd6 9. Qg3 Qb6 10. b3 O-O 11. Nf3 Bf5 12. Ne5 Bxd3 13. Qxd3 Rfe8 14. O-O
Ne4 15. Nd2 f6 16. Nef3 Ng6 17. g3 Qe6 18. Kg2 Qg4 19. Kh1 c6 20. Ng1 1/2-1/2

[Event "Schachfestival 2018 Open"]
[Site "Bad Woerishofen"]
[Date "2018.02.25"]
[Round "4.27"]
[White "Lochte, Thomas"]
[Black "Remensberger, Hansuli"]
[Result "1/2-1/2"]
[WhiteElo "2160"]
[BlackElo "2033"]
[Annotator "chessorg"]
[PlyCount "70"]
[EventDate "2018.??.??"]
[WhiteTeam "SK Weilheim"]
[BlackTeam "Chessflyers Kloten"]

1. e4 g6 2. d4 d6 3. Nc3 Bg7 4. Be2 a6 5. a4 Nc6 6. Be3 Nf6 7. d5 Nb8 8. g4 h5
9. g5 Ng4 10. Bd4 Bxd4 11. Qxd4 O-O 12. f4 e5 13. dxe6 Bxe6 14. h3 Nc6 15. Qd2
Nge5 16. fxe5 Nxe5 17. Nd5 Bxd5 18. exd5 Qd7 19. Nf3 Nxf3+ 20. Bxf3 Rfe8+ 21.
Kf2 Re5 22. b3 Rae8 23. Rae1 Rxe1 24. Rxe1 Rxe1 25. Kxe1 Qxh3 26. Qf4 Qd7 27.
Kd2 a5 28. Kc1 Qe7 29. Kd2 Qd7 30. Qf6 Qh3 31. Ke3 Qg3 32. Qf4 Qe1+ 33. Kd3
Qf1+ 34. Kd4 Qf2+ 35. Kd3 Qf1+ 1/2-1/2

[Event "Schachfestival 2018 Open"]
[Site "Bad Woerishofen"]
[Date "2018.02.25"]
[Round "4.28"]
[White "Witte, Manfred"]
[Black "Fiedler, Wolfgang"]
[Result "1/2-1/2"]
[WhiteElo "2146"]
[BlackElo "2006"]
[Annotator "chessorg"]
[PlyCount "40"]
[EventDate "2018.??.??"]
[WhiteTeam "VfB Hermsdorf e.V."]
[BlackTeam "SK Zirndorf e.V."]

1. c4 g6 2. g3 c5 3. Bg2 Bg7 4. Nc3 Nc6 5. a3 e5 6. b4 d6 7. b5 Nd4 8. e3 Ne6
9. Nge2 Ne7 10. O-O O-O 11. Bb2 Rb8 12. Nd5 b6 13. Nec3 Nxd5 14. Nxd5 a5 15.
Qc2 Bb7 16. f4 f5 17. d3 exf4 18. Bxg7 Kxg7 19. Nxf4 Nxf4 20. exf4 Bxg2 1/2-1/2

[Event "BW 2018 Senioren"]
[Site "Bad Woerishofen"]
[Date "2018.02.25"]
[Round "4.29"]
[White "Braeu, Ludwig"]
[Black "Lainburg, Viktor"]
[Result "*"]
[WhiteElo "1835"]
[BlackElo "1960"]
[Annotator "chessorg"]
[PlyCount "84"]
[EventDate "2018.??.??"]
[WhiteTeam "Marktoberdorf"]
[BlackTeam "SC Weiße Dame Ulm e.V."]

1. c4 Nf6 2. g3 c5 3. Bg2 Nc6 4. Nc3 e6 5. Nf3 d5 6. cxd5 exd5 7. d4 Bf5 8. O-O
Ne4 9. Be3 c4 10. Nh4 Nxc3 11. bxc3 Be6 12. Bc1 Be7 13. Nf3 O-O 14. Ne5 Nxe5
15. dxe5 f6 16. e4 Qa5 17. exd5 Rad8 18. Qd4 Bxd5 19. Bxd5+ Qxd5 20. Qxa7 Bc5
21. Qa4 fxe5 22. Bg5 Ra8 23. Qc2 Qd3 24. Qd2 Ra3 25. Qxd3 cxd3 26. Bd2 Rfa8 27.
Rfe1 Rxa2 28. Rxa2 Rxa2 29. Rxe5 Bxf2+ 30. Kxf2 Rxd2+ 31. Ke1 Rxh2 32. Rb5 Rg2
33. Rxb7 Rxg3 34. Kd2 h5 35. c4 h4 36. c5 Rg5 37. c6 Rc5 38. c7 Kh7 39. Kxd3 h3
40. Rb4 Rxc7 41. Rh4+ Kg6 42. Rxh3 Re7 *

[Event "Schachfestival 2018 Open"]
[Site "Bad Woerishofen"]
[Date "2018.02.25"]
[Round "4.30"]
[White "Diotallevi, Maurizio"]
[Black "Behling, Robert"]
[Result "1/2-1/2"]
[WhiteElo "2003"]
[BlackElo "2097"]
[Annotator "chessorg"]
[PlyCount "64"]
[EventDate "2018.??.??"]
[BlackTeam "TSV Haunstetten"]

1. d4 d5 2. Nf3 Nf6 3. e3 c5 4. c3 Nbd7 5. Nbd2 g6 6. Be2 Bg7 7. O-O O-O 8. b4
b6 9. bxc5 bxc5 10. Qa4 Qc7 11. Ba3 Bb7 12. Rab1 Rfc8 13. Rfc1 Bc6 14. Bb5 Bf8
15. Bxc6 Qxc6 16. Qxc6 Rxc6 17. dxc5 e6 18. c4 Bxc5 19. cxd5 Nxd5 20. Nd4 Rcc8
21. Bxc5 Nxc5 22. g3 Nd3 23. Rxc8+ Rxc8 24. Rb3 Rc3 25. e4 Rxb3 26. axb3 N5b4
27. Kf1 e5 28. Nb5 a6 29. Nc3 Kf8 30. Ke2 Ke7 31. Nd5+ Nxd5 32. Kxd3 Nc7
1/2-1/2

[Event "BW 2018 Senioren"]
[Site "Bad Woerishofen"]
[Date "2018.02.25"]
[Round "4.30"]
[White "Klimpel, Siegfried"]
[Black "Vonach, Bernhard"]
[Result "1/2-1/2"]
[WhiteElo "1825"]
[BlackElo "1938"]
[Annotator "chessorg"]
[PlyCount "44"]
[EventDate "2018.??.??"]
[WhiteTeam "TSV Kareth-Lappersdorf"]
[BlackTeam "SF Windach"]

1. e4 e5 2. Nf3 Nc6 3. d4 exd4 4. Nxd4 Nxd4 5. Qxd4 Ne7 6. Bc4 Nc6 7. Qd5 Qf6
8. Bg5 Qg6 9. Nc3 Bb4 10. Bd2 d6 11. O-O-O Be6 12. Qb5 O-O-O 13. Bd5 Bxd5 14.
exd5 Nd4 15. Qa4 Bxc3 16. bxc3 Nf5 17. g3 Kb8 18. Rhe1 f6 19. Re6 Rhe8 20. Rde1
Rxe6 21. Rxe6 Qf7 22. Qe4 g6 1/2-1/2